000 00643nam a22001577a 4500
003 LK-CoDNM
005 20240911092340.0
008 240827b |||||||| |||| 00| 0 eng d
040 _aLK-CoDNM
_dLK-CoDNM
_eLK-CoDNM
041 _hSinhala
080 _bGP1974
245 _aපළමුවැනි ජාතික රාජ්‍ය සභාව පාර්ලිමේන්තුව ප්‍රකාශන මාලා 1971-72 රජයේ ගිණුම් කාරක සභාව (අටවැනි වාර්තාව )
_bඅංක 22
260 _aColombo
_bGovernment printers
_c1974
300 _b70p. ; 24 cm
942 _cBK
999 _c149496
_d149496